Conservation, Management and Monitoring of Forest Resources in India (Record no. 50564)
[ view plain ]
| 000 -LEADER | |
|---|---|
| fixed length control field | 00604nam a22001697a 4500 |
| 003 - CONTROL NUMBER IDENTIFIER | |
| control field | OSt |
| 008 - FIXED-LENGTH DATA ELEMENTS--GENERAL INFORMATION | |
| fixed length control field | 260512b |||||||| |||| 00| 0 eng d |
| 020 ## - INTERNATIONAL STANDARD BOOK NUMBER | |
| International Standard Book Number | 9783030982355 |
| 082 ## - DEWEY DECIMAL CLASSIFICATION NUMBER | |
| Classification number | 333.72 |
| Item number | S13C |
| 245 ## - TITLE STATEMENT | |
| Title | Conservation, Management and Monitoring of Forest Resources in India |
| Remainder of title | /edited by Mehebub Sahana, Gopala Areendran and Krishna Raj |
| 260 ## - PUBLICATION, DISTRIBUTION, ETC. (IMPRINT) | |
| Place of publication, distribution, etc | Switzerland |
| Name of publisher, distributor, etc | : Springer Nature |
| Date of publication, distribution, etc | ; 2022. |
| 300 ## - PHYSICAL DESCRIPTION | |
| Extent | xvi, 571 p. |
| 650 ## - SUBJECT ADDED ENTRY--TOPICAL TERM | |
| Topical term or geographic name as entry element | Economics | Social sciences | Biodiversity conservation | India | Natural resources |
| 700 ## - ADDED ENTRY--PERSONAL NAME | |
| Personal name | Areendran , Gopala |
| 700 ## - ADDED ENTRY--PERSONAL NAME | |
| Personal name | Raj, Krishna |
| 942 ## - ADDED ENTRY ELEMENTS (KOHA) | |
| Source of classification or shelving scheme | |
| Koha item type | Books |
| Withdrawn status | Lost status | Source of classification or shelving scheme | Damaged status | Not for loan | Home library | Current library | Shelving location | Date acquired | Source of acquisition | Cost, normal purchase price | Total Checkouts | Full call number | Barcode | Date last seen | Bill Date | Koha item type | Bill Number |
|---|---|---|---|---|---|---|---|---|---|---|---|---|---|---|---|---|---|
| Dr. Rajendra Prasad Central Agricultural University Pusa, | Dr. Rajendra Prasad Central Agricultural University Pusa, | General Stacks | 12/05/2026 | Scientific Publishers (India) | 12561.00 | 333.72 S13C | 87816 | 12/05/2026 | 01/02/2026 | Books | Invoice/SPI/25-26/425 | ||||||
| Dr. Rajendra Prasad Central Agricultural University Pusa, | Dr. Rajendra Prasad Central Agricultural University Pusa, | General Stacks | 12/05/2026 | Scientific Publishers (India) | 12561.00 | 333.72 S13C | 87817 | 12/05/2026 | 01/02/2026 | Books | Invoice/SPI/25-26/425 |